Alle Bundesligisten (Sudden Death) - Statistiken

Allgemein
  • Dieses Quiz wurde 421 mal gespielt
  • Das Durchschnittsergebnis liegt bei 9 aus 18
Answers on the Grid
Answers color-coded by a green-red scale on the quiz's grid according to % correct below.
1.FSV Mainz 05
1.FC Köln
Hertha BSC
Holstein Kiel
Werde Bremen
Union Berlin
1.FC Heidenheim
1.FC Magdeburg
VFL Wolfsburg
FC Schalke 04
FC St. Pauli
Hamburger SV
Karlsruher SC
Fortuna Düsseldorf
FC Augsburg
Borussia Dortmund
Dynamo Dredsen
TSG Hoffenheim
FC Hansa Rosrock
Rattenballsport🤮🤮🤮
Bayer 04 Leverkusen
Arminia Bielefeld
VFB Stuttgart
VFL Bochum
SV Darmstadt 98
1860 München
FC Bayern München
Eintracht Frankfurt
Borussia Mönchengladbach
SC Freiburg
 
Antwortstatistiken
Antwort % Korrekt
1.FSV Mainz 05
91%
Werde Bremen
56%
Borussia Dortmund
52%
VFL Wolfsburg
52%
1.FC Heidenheim
51%
Rattenballsport🤮🤮🤮
51%
Union Berlin
51%
VFB Stuttgart
51%
Borussia Mönchengladbach
49%
Eintracht Frankfurt
49%
Bayer 04 Leverkusen
47%
FC Augsburg
47%
FC Bayern München
47%
TSG Hoffenheim
47%
FC St. Pauli
46%
SC Freiburg
46%
Holstein Kiel
44%
VFL Bochum
39%
Keine übereinstimmenden Quizze gefunden
Verteilung der Resultate
Anzahl Personen mit jedem Resultat
Perzentil nach korrekt beantworteten Fragen
Ihre Resultats-Entwicklung
Sie haben dieses Quiz noch nicht gespielt